Calculus and analytic geometry

שמור ב:
מידע ביבליוגרפי
מחבר ראשי: Purcell, Edwin J.
פורמט: ספר
שפה:Undetermined
יצא לאור: New York Appleton-Century-Crofts 1965
נושאים:
תגים: הוספת תג
אין תגיות, היה/י הראשונ/ה לתייג את הרשומה!
Thư viện lưu trữ: Trung tâm Học liệu Trường Đại học Cần Thơ
LEADER 00513nam a2200181Ia 4500
001 CTU_186178
008 210402s9999 xx 000 0 und d
082 |a 517.1 
082 |b P985 
100 |a Purcell, Edwin J. 
245 0 |a Calculus and analytic geometry 
245 0 |c Edwin J. Purcell 
260 |a New York 
260 |b Appleton-Century-Crofts 
260 |c 1965 
650 |a Geometry, Analytic,Hình học, phân tích 
904 |i Qhieu 
980 |a Trung tâm Học liệu Trường Đại học Cần Thơ